|
|
|
|
| LEADER |
02367nam a2200421 u 4500 |
| 001 |
10022701 |
| 003 |
upatras |
| 005 |
20240123103800.0 |
| 008 |
990615s1997 gr gre |
| 020 |
|
|
|a 9603444081
|
| 040 |
|
|
|a GR-PaULI
|b gre
|c GR-PaULI
|e AACR2
|
| 041 |
0 |
|
|a gre
|
| 082 |
0 |
4 |
|2 23
|a 158.2
|
| 082 |
0 |
4 |
|2 23
|a 155.25
|
| 100 |
1 |
|
|a Gergen, Kenneth J.
|e συγγραφέας
|9 148199
|
| 245 |
1 |
0 |
|a Κορεσμένος εαυτός /
|c Kenneth J. Gergen ; μετάφραση Αλέξης Ζώτος
|c ; επιμέλεια Μανώλης Τσαγκαράκης.
|
| 246 |
3 |
2 |
|a Ο κορεσμένος εαυτός
|
| 260 |
|
|
|a Αθήνα :
|b Ελληνικά Γράμματα,
|c 1997.
|
| 300 |
|
|
|a 511 σ. ;
|c 21 εκ.
|
| 490 |
1 |
|
|a Ανθρώπινα συστήματα
|
| 500 |
|
|
|a Τίτλος πρωτοτύπου: The saturated self.
|
| 504 |
|
|
|a Περιλαμβάνει βιβλιογραφικές παραπομπές.
|
| 650 |
|
4 |
|a Ψυχολογία
|9 23
|
| 650 |
|
4 |
|a Ψυχολογία
|x Ανάπτυξη προσωπικότητας
|9 6187
|
| 650 |
|
4 |
|a Εγώ
|x Ψυχολογία
|9 42217
|
| 650 |
|
4 |
|9 6168
|a Διαπροσωπικές σχέσεις
|x Διαπροσωπικές σχέσεις
|
| 700 |
1 |
|
|a Ζώτος, Αλέξιος Η.
|e μεταφραστής
|9 39375
|
| 700 |
1 |
|
|a Τσαγκαράκης, Μανώλης
|e επιμελητής
|9 148200
|
| 765 |
|
|
|i Μετάφραση του:
|t The saturated self.
|
| 830 |
|
0 |
|9 185834
|a Ανθρώπινα συστήματα (Ελληνικά Γράμματα)
|
| 852 |
|
|
|a GR-PaULI
|b ΠΑΤΡΑ
|b ΒΚΠ
|b ΒΣ1
|k ΑΣΧΕ
|h 158.2 G
|m 044444
|p 025000057072
|t 1
|
| 852 |
|
|
|a GR-PaULI
|b ΠΑΤΡΑ
|b ΠΤΔΕ
|k ΑΣΧΕ
|h 155.25 GER
|m 5841
|p 025000035284
|t 2
|
| 942 |
|
|
|2 ddc
|c BK15
|
| 952 |
|
|
|0 0
|1 0
|4 0
|6 158_200000000000000_G
|7 0
|9 187616
|a LISP
|b LISP
|c BSC
|d 2016-04-24
|i 044444
|l 0
|o 158.2 G
|p 025000057072
|r 2016-04-24 00:00:00
|t 1
|w 2016-04-24
|y BK15
|
| 952 |
|
|
|0 0
|1 0
|4 0
|6 155_250000000000000_GER
|7 0
|9 187617
|a PTDE
|b PTDE
|d 2016-04-24
|i 5841
|l 0
|o 155.25 GER
|p 025000035284
|r 2016-04-24 00:00:00
|t 2
|w 2016-04-24
|y BK15
|
| 952 |
|
|
|0 0
|1 0
|2 ddc
|4 0
|6 155_200000000000000_GER
|7 0
|9 319803
|a MSLG
|b MSLG
|c BSC
|d 2021-01-23
|e 24
|f 0
|g 0.00
|l 0
|o 155.2 GER
|p 2420000023205
|r 2021-01-23 00:00:00
|t 1
|w 2021-01-23
|y BK15
|x 20090223 0 ΤΣΑΝΤΑΡΛΙΩΤΗ 1
|x GrPaTEI
|
| 998 |
|
|
|c ΔΡΑΚΟΠΟΥΛΟΥ
|d 1999-06
|
| 999 |
|
|
|c 115720
|d 115720
|